Statistics for naruto!!!!

Click here to take the quiz!

General Stats

  • This quiz has been taken 756 times
    (754 since last reset)
  • The average score is 8 of 10

Answer Stats

QuestionAnswer% Correct
What monster is inside NarutoKurama
97%
Who was the sixth Hokage?Kakashi
92%
Who is Madara?Hashirama's friend
91%
Who is ShukakuOne tail beast
91%
Who did Choji marry?Karui
87%
Who is Naruto dad?Minato
87%
Naruto's Favourite RamenMiso Chashu Pork ramem
78%
What jutsu did NARUTO make?Rasen Shuriken
70%
Naruto's favourite jutsuKage Bunshin no Jutsu
61%
Who's sharingan is similar to Sasuke's sharingan?Indra
34%

Score Distribution

Percentile by Number Answered

Percent of People with Each Score

Your Score History

You have not taken this quiz since the last reset